Normal view MARC view

Entry Personal Name

Number of records used in: 3

001 - CONTROL NUMBER

  • control field: 4748

003 - CONTROL NUMBER IDENTIFIER

  • control field: DLC

005 - DATE AND TIME OF LATEST TRANSACTION

  • control field: 20231214114340.0

008 - FIXED-LENGTH DATA ELEMENTS

  • fixed length control field: 870601n| acannaab| |a aaa |||

010 ## - LIBRARY OF CONGRESS CONTROL NUMBER

  • LC control number: n 87100245

040 ## - CATALOGING SOURCE

  • Original cataloging agency: DLC
  • Transcribing agency: DLC
  • Modifying agency: DLC

100 10 - HEADING--PERSONAL NAME

  • Personal name: Sukhatme, S. P.

400 00 - SEE FROM TRACING--PERSONAL NAME

  • Personal name: Suhas Pandurang Sukhatme

400 10 - SEE FROM TRACING--PERSONAL NAME

  • Personal name: Sukhatme, Suhas Pandurang

670 ## - SOURCE DATA FOUND

  • Source citation: nuc87-50512: United States-India Binational Workshop in Heat Transfer Engineering (1981-1982 : Madras-Bombay, India). Proceedings of the United States-India Binational Workshop ... 1982?
  • Information found: (hdg. on CU-A rept.: Sukhatme, S. P.; usage: S.P. Sukhatme)

670 ## - SOURCE DATA FOUND

  • Source citation: His Pilot study on magnitude and nature of ... 1987:
  • Information found: t.p. (Prof. S.P. Sukhatme, Dept. of Mechanical Engg., Ind. Inst. of Tech., Bombay) p. 129 (Suhas P. Sukhatme)

670 ## - SOURCE DATA FOUND

  • Source citation: New Delhi manual auth. cd.
  • Information found: (hdg.: Sukhatme, S.P.; variant: Suhas Pandurang Sukhatme; b. 1938)

Powered by Koha